| 000 | 00910pam a2200241 a 4500 | ||
|---|---|---|---|
| 001 | 549697 | ||
| 005 | 20241113121303.0 | ||
| 008 | 881212s1989 enka b 001 0 eng | ||
| 020 |
_a0471922943 : _c$56.00 (est.) |
||
| 020 |
_a0471922951 (pbk.) : _c$21.00 (est.) |
||
| 050 | 0 | 0 |
_aQC174.8 _b.B365 1989 |
| 082 | 0 | 0 |
_a530.1/595 _219 |
| 100 | 1 |
_aBarlow, Roger _q(Roger J.) |
|
| 245 | 1 | 0 |
_aStatistics : _ba guide to the use of statistical methods in the physical sciences / _cRoger Barlow. |
| 260 |
_aChichester, England ; _aNew York : _bWiley, _cc1989. |
||
| 300 |
_axv, 204 p. : _bill. ; _c24 cm. |
||
| 440 | 4 | _aThe Manchester physics series | |
| 500 | _aIncludes index. | ||
| 650 | 0 | _aStatistical physics. | |
| 856 | 4 | 2 |
_3Publisher description _uhttp://www.loc.gov/catdir/description/wiley035/88033908.html |
| 856 | 4 |
_3Table of Contents _uhttp://www.loc.gov/catdir/toc/onix06/88033908.html |
|
| 942 |
_2lcc _cBK _n0 |
||
| 999 |
_c1107 _d1107 |
||